000 00705nam a2200229Ia 4500
003 OSt
005 20220923214803.0
006 a|||||r|||| 00| 0
007 ta
008 220922b |||||||| |||| 00| 0 hin d
024 _a172,751
037 _cTextual
040 _aARTS
_cARTS
_bhin
041 _2hin
_ahin
082 _aO152:3NSAx, J3
100 _aसंगर, सत्यप्रकाश
245 0 _aअफ्रीका का आदमी
_b कहानी संग्रह
246 _aAfrīkā kā ādamī: kahānī sangraha
260 _c1953
942 _hO152:3NSAx, J3
_cTEXL
_2CC
999 _c326759
_d326759